| 000 -LEADER |
| fixed length control field |
01709nam a22001577a 4500 |
| 008 - FIXED-LENGTH DATA ELEMENTS--GENERAL INFORMATION |
| fixed length control field |
210720b ||||| |||| 00| 0 eng d |
| 100 ## - MAIN ENTRY--PERSONAL NAME |
| Personal name |
Singh, Mala and Verma, R.K. |
| 245 ## - TITLE STATEMENT |
| Title |
Women and pandemic management: A case of Bihar |
| 260 ## - PUBLICATION, DISTRIBUTION, ETC. (IMPRINT) |
| Place of publication, distribution, etc |
Bihar Journal of Public Administration |
| 300 ## - PHYSICAL DESCRIPTION |
| Extent |
17(2), Jul-Dec, 2020: p.635-64 |
| 520 ## - SUMMARY, ETC. |
| Summary, etc |
Management of pandemic, particularly Covid-19 pandemic, involves both governmental and voluntary efforts. Some new phenomena surfaced during the covid-19 pandemic, among which the enhanced roles of women in fighting the pandemic have been read world over. So is the case with India in general and Bihar in particular. Women in Bihar have shown their strength, enthusiasm and voluntary efforts in the fight against the pandemic, that too amidst adverse conditions and inadequate medical ambience. Women, from both the governmental agencies and voluntary outfits, have contributed in fighting the pandemic a lot in Bihar on one hand and faced the odds caused by the conduits of governance and social system. As such, the present article intends to underline the self-assertive, actinic, enthusiastic and voluntary roles of women in fighting the pandemic amidst adverse and resisting conditions. The examination of their role indicates that they were less cared by health and general administration despite their enthusiastic contribution and also that there is inconsistent and inadequate data base for preparedness. – Reproduced |
| 650 ## - SUBJECT ADDED ENTRY--TOPICAL TERM |
| Topical term or geographic name as entry element |
Pandemic, Women-Corona-Warriors, Health-services, Jeevika-didis, ASHA, SHGs, PHCs, hospitals, Bihar |
| 9 (RLIN) |
25478 |
| 773 ## - HOST ITEM ENTRY |
| Main entry heading |
Bihar Journal of Public Administration |
| 906 ## - LOCAL DATA ELEMENT F, LDF (RLIN) |
| Subject DIP |
COVID-19 (DISEASE) |
| 942 ## - ADDED ENTRY ELEMENTS (KOHA) |
| Item type |
Articles |